LEADER 04273aam 2200697 450 001 9910133473103321 005 20230422032527.0 010 $a2-35159-462-2 024 7 $a10.4000/books.ifpo.4334 035 $a(CKB)3390000000053559 035 $a(MH)002752583-X 035 $a(SSID)ssj0001306728 035 $a(PQKBManifestationID)12489475 035 $a(PQKBTitleCode)TC0001306728 035 $a(PQKBWorkID)11282683 035 $a(PQKB)10765974 035 $a(FrMaCLE)OB-ifpo-4334 035 $a(oapen)https://directory.doabooks.org/handle/20.500.12854/42617 035 $a(PPN)182836940 035 $a(EXLCZ)993390000000053559 100 $a19930625g19929999 uy 0 101 0 $afre 135 $auubu#---uu|uu 181 $ctxt$2rdacontent 182 $cc$2rdamedia 183 $acr$2rdacarrier 200 14$aLes campagnes de la Syrie du Nord du IIe au VIIe siècle $eun exemple d'expansion démographique et économique dans les campagnes à la fin de l'antiquité /$fGeorges Tate 210 $cPresses de l?Ifpo$d1992 210 1$aParis :$cLibr. orientaliste P. Geuthner,$d1992 215 $a1 online resource (xviii, 364 pages) $cillustrations; digital, PDF file(s) 225 1 $aBibliothèque archéologique et historique ;$vt. 133 300 $aSummary in Arabic. 311 08$aPrint version: 9782705306700 320 $aIncludes bibliographical references. 330 $aThis work is an attempt to apply the serial method to the study of the countryside in Roman and Byzantine times, in a region of northern Syria: the Limestone Massif, where very large numbers of remains and in excellent state of conservation of ancient villages and their parcels. In this region forty-six villages were selected as a sample. They are divided into three groups, where they form complete sets, in the ?ebels Sim?'n, B?r???, Il A'la and Z?wiye. They total 4,700 rooms reserved for men's homes and as many intended for economic functions, ie a population which must have peaked at around 20,000 inhabitants. Beyond the permanence of the agrarian landscapes and the main characteristics of the economy and society, this region experienced two major phases of expansion, one until the middle of the third century, the other from 330 to 550.The second phase, the best known, is marked by a considerable increase in the number of men and by an economic progress which has taken on an extensive form, enlargement of the land, then intensive, diversification of production with a view to sale. All in all, this population grew, while growing richer, in a context of urban expansion, which proves that the wealth of the cities and that of the countryside, far from being mutually exclusive, were complementary. In the middle of the sixth century, the gap widened between the number of men, which still tended to increase, and resources which levelled off, resulting in a long period of economic stagnation and impoverishment marked, in the short term, by severe subsistence crises and epidemics. Construction activity stops but the villages remain densely populated. The Islamic conquest does not entail any major consequences in the material life of the peasants. Their abandonment will not begin until the beginning of the 8th century, with the decline of the Umayyad Caliphate. 410 0$aBibliothèque archéologique et historique ;$vt. 133 606 $aExcavations (Archaeology)$zSyria 606 $aRegions & Countries - Asia & the Middle East$2HILCC 606 $aHistory & Archaeology$2HILCC 606 $aMiddle East$2HILCC 607 $aSyria$xAntiquities 610 $aSyrie 610 $aEmpire romain 610 $aSyrie antique 610 $aMoyen-Orient antique 610 $aEmpire byzantin 610 $agéographie historique 610 $aarchéologie 615 0$aExcavations (Archaeology) 615 7$aRegions & Countries - Asia & the Middle East 615 7$aHistory & Archaeology 615 7$aMiddle East 676 $a939/.43 700 $aTate$b Georges$0214350 801 0$bDLC 801 1$bDLC 801 2$bUkMaJRU 906 $aBOOK 912 $a9910133473103321 996 $aLes campagnes de la Syrie du Nord du IIe au VIIe siècle$91947283 997 $aUNINA LEADER 02006nam0 22003731i 450 001 UON00047784 005 20231205102213.803 010 $a81-85179-06-9 100 $a20020107d1987 |0itac50 ba 101 $aeng 102 $aIN 105 $a|||| 1|||| 200 1 $aSino-tibetan studies$eSelected papers on the art, folklore, history, linguistics and prehistory of sciences in China and Tibet$fby Berthold Laufer$gcollected by Hartmut Walravens , preface by Lokesh Chandra 210 $aNew Delhi$cRakesh Goel$d1987 215 $a2 v.$d22 cm 316 $aaltro inv. 61901$5IT-UONSI TIBI/006 (1) 606 $aArte$xTibet$3UONC001508$2FI 606 $aTibet$xStoria e cultura$3UONC012176$2FI 606 $aTibet (Cina)$xCultura e civiltà$3UONC000831$2FI 620 $aIN$dNew Delhi$3UONL000110 686 $aTIB I$cTIBET - GENERALIA$2A 700 1$aLAUFER$bBerthold$3UONV012562$0207802 702 1$aCHANDRA$bLokesh$3UONV000968 702 1$aWalravens$bHartmut$3UONV004977 712 $aAditya Prakashan$3UONV248992$4650 790 0$aLOKESH CHANDRA$zCHANDRA, Lokesh$3UONV024380 801 $aIT$bSOL$c20260403$gRICA 912 $aUON00047784 950 $aSIBA - SISTEMA BIBLIOTECARIO DI ATENEO E ARCHIVIO STORICO$dSI DOPPI TIB I 006 (1) $eSI SA 61902 7 006 (1) 950 $aSIBA - SISTEMA BIBLIOTECARIO DI ATENEO E ARCHIVIO STORICO$dSI DOPPI TIB I 006 (2) $eSI SA 61903 7 006 (2) 950 $aSIBA - SISTEMA BIBLIOTECARIO DI ATENEO E ARCHIVIO STORICO$dSI TIB I 006 (1) $eSI SA 61900 5 006 (1) altro inv. 61901 950 $aSIBA - SISTEMA BIBLIOTECARIO DI ATENEO E ARCHIVIO STORICO$dSI TIB I 006 (2) $eSI SA 61901 5 006 (2) 996 $aSino-tibetan studies$91156761 997 $aUNIOR